000 01027nam a22002417a 4500
005 20170531114311.0
010 _a1516EN07 ENG-114557
020 _a9789384170110
_c390.00
035 _aEN-98089
035 _aB-607274-299
035 _aB-666051
037 _adpl
_bVariety/Ven
037 _bDBAD/PUB
082 _a333.7
100 _aSiddhartha, K.
245 _aEcology & environment /
_cby K. Siddhartha
260 _aNew Delhi
_bKisalaya Publications
_c2015(repr.)
270 _aB-5/4, Poorvi Marg, NEA, Opp.Sir Ganga Ram Hospital Old Rajinder Nagar
_bNew Delhi
_e110060
300 _avarious pagings
_c27cm(pbk)
_bcol. ill.
942 _2ddc
_cEN
_mSID
_h333.7
999 _c96277
_d96277